000
00319nam a2200145Ia 4500
100
_a
Mathew/Shirley
650
_a
Communication skills
942
_c
BK
366
_f
15
245
_a
Professional communication and ethics-I
260
_b
Nirali prakashan
_c
2020
082
_b
MAT
546
_a
ENGLISH
999
_c
34130
_d
34130